000 01272cam a2200361 a 4500
001 4363266
003 SISC
005 20160303091534.0
008 900913r19911913nyuaf j 000 1 eng
010 _a 90048353
020 _a0-14-062137-7
040 _aDLC
_cDLC
_dDLC
042 _alcac
043 _ae-ie---
050 0 0 _aPZ 8
_b.Hav 1991
082 0 0 _aCLA
_bW64h 1994
100 1 _aWilde, Oscar,
_d1854-1900.
_93111
245 1 4 _aThe happy prince and other stories /
_cOscar Wilde
260 _aNew York :
_bBooks of Wonder,
_cc1991.
300 _a133 p.
_c24 cm.
520 _aThis facsimile of the 1913 edition includes, along with the title story, "The nightingale and the rose," "The selfish giant," "The devoted friend," and "The remarkable rocket."
650 0 _aClassics
_zIreland.
_93112
650 0 _aChildren's stories, English.
_93113
650 1 _aFairy tales.
_93114
650 1 _aShort stories.
_92265
700 1 _aRobinson, Charles,
_eill.
_93115
906 _a7
_bcbc
_corignew
_d1
_eocip
_f19
_gy-gencatlg
942 _2lcc
_cBK
999 _c7467
_d7467